[Event "PGMA Cup 2nd"]
[Site "Manila"]
[Date "2007.11.26"]
[Round "7"]
[White "Nava, Roderick"]
[Black "Sevillano, Voltaire"]
[Result "0-1"]
[WhiteElo "2351"]
[BlackElo "2250"]
[PlyCount "120"]
[EventDate "2007.11.22"]
[EventType "swiss"]
[EventRounds "9"]
[EventCountry "PHI"]
[SourceTitle "EXT 2009"]
[Source "ChessBase"]
[SourceDate "2008.11.26"]
[SourceVersion "1"]
[SourceVersionDate "2008.11.26"]
[SourceQuality "1"]

1. Nf3 Nf6 2. c4 g6 3. b4 Bg7 4. Bb2 0-0 5. e3 c6 6. d4 Na6 7. a3 Nc7 8. Nbd2 a5 9. b5 cxb5 10. cxb5 b6 11. Bd3 Bb7 12. 0-0 d6 13. Rb1 Rb8 14. Qe2 Re8 15. Rfc1 Ne6 16. Rc2 Qd7 17. Rbc1 Rec8 18. Nb1 Rxc2 19. Rxc2 Nd5 20. Ne1 h6 21. Nd2 Kh7 22. h4 Nf6 23. h5 Ng5 24. hxg6+ fxg6 25. f3 Rf8 26. Nf1 Re8 27. Rc1 e5 28. dxe5 dxe5 29. Bb1 e4 30. f4 Ne6 31. Rd1 Qe7 32. Ng3 Nc5 33. f5 g5 34. Qd2 Nd5 35. Nh5 Bxb2 36. Qxb2 Qe5 37. Qf2 Rf8 38. g4 Nc3 39. Rd4 Nxb1 40. Qb2 Rd8 41. Qa2 Rd5 42. Rxd5 Bxd5 43. Qxd5 Qxd5 44. Nf6+ Kg7 45. Nxd5 Nxa3 46. Nxb6 Nxb5 47. Nc2 a4 48. Nc4 Kf6 49. Kg2 Nd7 50. Kg3 h5 51. gxh5 Kxf5 52. Nd4+ Nxd4 53. exd4 Nf6 54. Ne3+ Ke6 55. h6 a3 56. d5+ Kf7 57. Nc2 a2 58. Na1 Ke7 59. Nc2 Kf7 60. Na1 Kg6 0-1

[Event "Singapore Masters 3rd"]
[Site "Singapore"]
[Date "2006.12.27"]
[Round "3"]
[White "Nava, Roderick"]
[Black "Nguyen, Anh Dung"]
[Result "1-0"]
[WhiteElo "2348"]
[BlackElo "2541"]
[PlyCount "46"]
[EventDate "2006.12.26"]
[EventType "swiss"]
[EventRounds "9"]
[EventCountry "SIN"]
[SourceTitle "CBM 116 Extra"]
[Source "ChessBase"]
[SourceDate "2007.03.07"]
[SourceVersion "1"]
[SourceVersionDate "2007.03.07"]
[SourceQuality "1"]

1. Nf3 Nf6 2. c4 b6 3. Nc3 Bb7 4. d4 e6 5. a3 d5 6. Bg5 Be7 7. Qa4+ Bc6 8. Qc2 dxc4 9. e3 b5 10. Bxf6 Bxf6 11. a4 b4 12. Nb1 Bxf3 13. gxf3 c5 14. dxc5 Nd7 15. Bxc4 Rc8 16. Nd2 Rxc5 17. Nb3 Rc7 18. Qe2 Ne5 19. Bb5+ Kf8 20. Rd1 Qa8 21. e4 Rg8 22. Kf1 g5 23. Rg1 Rg6 1-0

[Event "Manila PGMA Cup 1st"]
[Site "Manila"]
[Date "2006.11.20"]
[Round "6"]
[White "Nadera, Barlo A"]
[Black "Nava, Roderick"]
[Result "1/2-1/2"]
[WhiteElo "2391"]
[BlackElo "2348"]
[PlyCount "174"]
[EventDate "2006.11.17"]
[EventType "swiss"]
[EventRounds "9"]
[EventCountry "PHI"]
[SourceTitle "CBM 115 Extra"]
[Source "ChessBase"]
[SourceDate "2007.01.10"]
[SourceVersion "1"]
[SourceVersionDate "2007.01.10"]
[SourceQuality "1"]

1. d4 Nf6 2. c4 c6 3. Nf3 d5 4. Qc2 a6 5. Bf4 Bg4 6. Nbd2 e6 7. e3 Nbd7 8. Ne5 Bh5 9. Qb3 Qb6 10. c5 Qxb3 11. axb3 Nxe5 12. Bxe5 Nd7 13. Bg3 e5 14. b4 exd4 15. exd4 Be7 16. h4 0-0 17. Nb3 Rfe8 18. Kd2 Bf6 19. f3 h6 20. Bd3 Nf8 21. Rae1 Bg6 22. Be5 Bxe5 23. dxe5 Bxd3 24. Kxd3 Ng6 25. Kd4 Nf4 26. g3 Ne6+ 27. Kd3 b6 28. cxb6 Rab8 29. Ra1 Rxb6 30. Ra4 Reb8 31. Kc3 Rb5 32. f4 g6 33. h5 Kg7 34. hxg6 Kxg6 35. Rh2 h5 36. Rh4 c5 37. Nxc5 Nxc5 38. bxc5 Rxc5+ 39. Kd4 Rc4+ 40. Rxc4 dxc4 41. Rh2 Rb3 42. Rg2 a5 43. Kxc4 a4 44. Kd5 Kf5 45. Kd6 a3 46. bxa3 Rxa3 47. Ke7 Ra7+ 48. Kf8 Kg6 49. Rd2 Ra8+ 50. Ke7 Ra3 51. Rd8 Kg7 52. f5 Ra7+ 53. Rd7 Ra5 54. Kd6 Ra6+ 55. Kd5 Kf8 56. Ke4 Ra4+ 57. Kf3 Rb4 58. Ra7 h4 59. g4 h3 60. Ra2 Rb3+ 61. Kf4 Rb4+ 62. Kg5 Kg7 63. Re2 Rb3 64. Rh2 Rb5 65. Kf4 Rb4+ 66. Kg5 Rb5 67. f6+ Kg8 68. Kf5 Rb3 69. Kg5 Rb5 70. Kf5 Rb3 71. Rh1 Rf3+ 72. Kg5 Re3 73. Kf4 Rb3 74. g5 Ra3 75. Rh2 Rb3 76. Kf5 Rf3+ 77. Kg4 Re3 78. Kf4 Ra3 79. Rh1 Rb3 80. e6 fxe6 81. g6 Rb5 82. Rxh3 Rf5+ 83. Kg4 Rxf6 84. Kg5 Rf5+ 85. Kh6 Rf1 86. Rh5 e5 87. Rxe5 Rh1+ 1/2-1/2

[Event "Manila PGMA Cup 1st"]
[Site "Manila"]
[Date "2006.11.18"]
[Round "3"]
[White "Nava, Roderick"]
[Black "Cunanan, Kimberly Jane"]
[Result "1-0"]
[WhiteElo "2348"]
[BlackElo "1988"]
[PlyCount "71"]
[EventDate "2006.11.17"]
[EventType "swiss"]
[EventRounds "9"]
[EventCountry "PHI"]
[SourceTitle "CBM 115 Extra"]
[Source "ChessBase"]
[SourceDate "2007.01.10"]
[SourceVersion "1"]
[SourceVersionDate "2007.01.10"]
[SourceQuality "1"]

1. Nf3 Nf6 2. c4 e6 3. d4 c5 4. g3 cxd4 5. Nxd4 Be7 6. Bg2 0-0 7. 0-0 Nc6 8. Nc3 a6 9. e4 Qc7 10. b3 b6 11. Bb2 Bb7 12. Rc1 Rac8 13. Nd5 Qd8 14. Nxe7+ Qxe7 15. Re1 Nxd4 16. Qxd4 Rb8 17. Rcd1 Rfd8 18. Qxb6 Bxe4 19. Qd6 Qxd6 20. Rxd6 Bxg2 21. Bxf6 gxf6 22. Kxg2 Ra8 23. Red1 Ra7 24. Kf3 h5 25. R1d4 Kg7 26. Ke3 f5 27. Kd2 Kf6 28. Kc3 a5 29. c5 Rc8 30. Rc4 Ke7 31. Rb6 Kd8 32. Kd4 f6 33. Ra4 Rca8 34. Kc4 Kc8 35. Kb5 Kc7 36. h3 1-0

[Event "Wch U20"]
[Site "Istanbul"]
[Date "2005.11.18"]
[Round "9"]
[White "Rohit, Gogineni"]
[Black "Nava, Roderick"]
[Result "1/2-1/2"]
[WhiteElo "2401"]
[BlackElo "2317"]
[PlyCount "104"]
[EventDate "2005.11.09"]
[EventType "swiss"]
[EventRounds "13"]
[EventCountry "TUR"]
[SourceTitle "CBM 109 Extra"]
[Source "ChessBase"]
[SourceDate "2006.01.03"]
[SourceVersion "2"]
[SourceVersionDate "2006.01.03"]
[SourceQuality "1"]

1. e4 c5 2. Nf3 d6 3. d4 cxd4 4. Nxd4 Nf6 5. Nc3 a6 6. Be3 e6 7. Be2 Qc7 8. f4 b5 9. a3 Bb7 10. Bf3 Nbd7 11. Qe2 e5 12. Nf5 g6 13. fxe5 dxe5 14. Nh6 Bc5 15. 0-0 Bxe3+ 16. Qxe3 Qb6 17. Qxb6 Nxb6 18. Be2 Ke7 19. Rf2 Rhf8 20. Raf1 Nbd7 21. Bd3 Ke6 22. g4 Rae8 23. g5 Nh5 24. Rxf7 Nf4 25. Rxh7 Nc5 26. Rf3 Bc6 27. Rg7 Kd6 28. Rg3 Ncxd3 29. Rxd3+ Nxd3 30. Rxg6+ Kc5 31. cxd3 Bb7 32. Nf5 a5 33. Na2 b4 34. axb4+ axb4 35. Nc1 Bd5 36. Ra6 Bg8 37. g6 Ra8 38. d4+ exd4 39. Nd3+ Kc4 40. Ne5+ Kb3 41. Nxd4+ Kxb2 42. Rc6 b3 43. Nd3+ Ka1 44. h4 Rfd8 45. Nxb3+ Bxb3 46. Rc1+ Ka2 47. Nf4 Re8 48. Re1 Bc2 49. Nd5 Re5 50. Nf6 Re6 51. Rf1 Bxe4 52. g7 Re7 1/2-1/2